000
00242nam a2200109Ia 4500
008
190912s9999||||xx |||||||||||||| ||und||
100
_a
H K Sahary
245
0
_a
Company Law
260
_a
India
_b
New central
_c
1995
300
_a
530
942
_c
BK
999
_c
7227
_d
7227